| 000 | 00705nab a22002297a 4500 | ||
|---|---|---|---|
| 001 | 09828 | ||
| 003 | HDC | ||
| 007 | cr bn ---aaaaa | ||
| 008 | 210128c20120822my ||||| |||| 00| 00may d | ||
| 040 | _aHDC | ||
| 245 | 0 | _aPendaftaran semula makanan FDA bermula 1 Oktober | |
| 336 |
_atext _2rdacontent |
||
| 337 |
_acomputer _2rdamedia |
||
| 338 |
_aonline resource _2rdacarrier |
||
| 650 |
_aExport _94753 |
||
| 650 |
_aFood industry _9536 |
||
| 710 | _aHarian Metro | ||
| 856 | _zRequest full-text at [email protected] | ||
| 942 | _2lcc | ||
| 942 | _cNEWS | ||
| 942 | _kNWSC 001946 | ||
| 999 |
_c7151 _d7151 |
||